000 00443nam a2200205Ia 4500
003 0100
008 130227s9999 xx 000 0 und d
020 _a9781844671601
040 _cARRUPELIB
050 _aHV4028.D38 2007
100 _aDavis, Mike
245 _aPlanet of slums
260 _aLondon
260 _bVerso
260 _C2007
300 _a228p
300 _b 20cm
650 _bChristianity--Culture
942 _2lcc
_02
999 _c3947
_d3947